000
00330nam a22001457a 4500
003
SGT
020
_a
9788170992052
082
_a
324.254
_b
P90K
100
_a
KUMAR, K.N
245
_a
POLITICAL PARTIES IN INDIA
260
_a
INDIA
_b
MITTAL PUB.
_c
1990
300
_a
368
650
_a
INDIAN POLITICAL PARTIES
942
_2
ddc
_c
BK
999
_c
26246
_d
26246